000 00412nam a2200169 a 4500
001 5590
005 20180713185439.0
008 140415s1983 mx 000 0 spa d
041 _aspa
082 _a892.7
_bGIB
100 1 _aGIBRAN, GIBRAN J.
245 1 3 _aEL VAGABUNDO
250 _a1a ed.
260 _aMEXICO :
_bLIBRO-MEX EDITORES,
_c1983
300 _a125
650 1 4 _aLITERATURA ARABE
999 _c5590
_d5590